| 000 | 00778cam a2200277 4500 | ||
|---|---|---|---|
| 008 | 090401t1993 xxu||||| |||| 00| 0 eng d | ||
| 020 | _a0117528420 | ||
| 035 | _a(Sirsi) u69127 | ||
| 041 | _aeng | ||
| 050 | _a711.552 | ||
| 110 |
_aUnited Kingdom _bDepartment of the Environment _9982 |
||
| 245 | _aPlanning policy guidance: town centres and retail developments. | ||
| 250 | _aRevised ed. | ||
| 260 |
_aLondon _bHMSO _c1993 |
||
| 300 | _a14p. ; 30cm. | ||
| 350 | _a3.6 | ||
| 490 |
_aPPG _v6 |
||
| 650 | _aPLANNING POLICY GUIDANCE NOTE SIX | ||
| 650 | _aRETAIL DEVELOPMENTS | ||
| 650 | _aSHOPPING CENTRES | ||
| 650 | _aTOWN CENTRES | ||
| 690 | _aPLANNING LAW AND PRACTICE | ||
| 710 |
_aUnited Kingdom _bWelsh Office _91214 |
||
| 942 | _n0 | ||
| 948 | _c04/03/1997 | ||
| 999 |
_c95157 _d95157 |
||